| 000 | 00800nam a2200205 a 4500 | ||
|---|---|---|---|
| 008 | 100119s2000 ||||||||||||||||| || u | ||
| 020 | _a1902928016 | ||
| 050 | _aCTA(02)2000/1 | ||
| 100 | _aImpey, Bridget | ||
| 245 | 1 | 0 |
_aMarketing and promoting agricultural and rural development publications: a practical guide _cBridget Impey |
| 260 |
_aOxford: _bINASP _c2000 |
||
| 300 | _ax, 70pages : illustrations. | ||
| 350 | _a0.00 | ||
| 500 | _aCLASS CHANGED FROM Z 278 Imp | ||
| 650 | _aBOOKS | ||
| 650 | _aAGRICULTURE PUBLISHING--MARKETING | ||
| 650 | _aPUBLISHERS AND PUBLISHING--MARKETING | ||
| 650 | _aBOOKS--MARKETING | ||
| 995 |
_D0.00 _FCBU-MAIN LIBRARY (Kitwe) _H1 _I0.00 _M1 _UAVAILABLE _VMar 6, 2013 _WMar 10, 2010 _ZInternational Publications |
||
| 999 |
_c50416 _d50416 |
||